The World's nations ; an economic and regional geography /

Bibliographic Details
Other Authors: Deasy, George F.
Format: Book
Language:English
Published: Chicago : Lippincott, [1958]
Series:Lippincott college geography series.
Subjects:

MARC

Tag First Indicator Second Indicator Subfields
LEADER 00000cam a2200000 4500
001 in00000064865
005 20151008050720.0
008 740801s1958 ilu 00000 eng u
010 |a  58008131  
035 |a (OCoLC)00971671 
035 |9 AAG2843AM 
040 |c ITD  |d TXA  |d UtOrBLW 
049 |a TXAM  |c [298187] 
050 0 0 |a HF1025  |b .W7 
082 0 |a 330.9  |a 911.3* 
092 |a 330.9  |b W927 
245 0 4 |a The World's nations ;  |b an economic and regional geography /  |c [by] George F. Deasy [and others]. 
264 1 |a Chicago :  |b Lippincott,  |c [1958] 
300 |a 962 pages :  |b illustrations ;  |c 28 cm. 
336 |a text  |b txt  |2 rdacontent 
337 |a unmediated  |b n  |2 rdamedia 
338 |a volume  |b nc  |2 rdacarrier 
490 1 |a The Lippincott college geography series 
650 0 |a Economic geography. 
700 1 |a Deasy, George F. 
830 0 |a Lippincott college geography series. 
999 |a MARS 
999 f f |s 4bcef922-93ad-3ab1-bc5b-6ba92c76e964  |i 293bd518-2d22-35cd-8891-a8769fc86a38  |t 0 
952 f f |p ric  |a Texas A&M University  |b Rellis Campus  |c Joint Library Facility  |d Remote Storage  |t 0  |e HF1025 .W7  |h Library of Congress classification  |i unmediated -- volume  |m A14805859786 
998 f f |a HF1025 .W7  |t 0  |l Remote Storage